| 000 | 01167cam a22002893a 4500 | ||
|---|---|---|---|
| 001 | 12753 | ||
| 003 | PGUSA | ||
| 005 | 20140828083256.0 | ||
| 008 | 040628s2004||||xxu|||||s|||||000 | eng d | ||
| 040 |
_aPGUSA _beng |
||
| 042 | _adc | ||
| 050 | 4 | _aPN | |
| 100 | 1 |
_aMalory, Thomas, _cSir, _d1400-1470 |
|
| 245 | 1 | 4 |
_aThe Legends of King Arthur and His Knights _h[electronic resource] / _cThomas, Malory |
| 260 |
_bProject Gutenberg, _c2004 |
||
| 500 | _a"Merely a word-for-word reprint of my early effort to popularise the Arthur legends. It is little else than an abridgment of Sir Thomas Malory's version ... with a few additions from Geoffrey of Monmouth and other sources--and an endeavor to arrange the many tales into a more or less consecutive story."--Pref. | ||
| 506 | _aPublic domain in the USA. | ||
| 516 | _aElectronic text | ||
| 653 | _aArthur, King -- Legends | ||
| 653 | _aArthurian romances -- Adaptations | ||
| 653 | _aKnights and knighthood -- Folklore | ||
| 653 | _aFolklore -- England | ||
| 700 | 1 |
_aSpeed, Lancelot, _d1860-1931 |
|
| 830 | 0 |
_aProject Gutenberg _v12753 |
|
| 856 | 4 | 0 | _uhttp://www.gutenberg.org/ebooks/12753 |
| 942 | _cEB | ||
| 999 |
_c242008 _d242008 |
||